000 00509nam a22001457a 4500
008 160307b xxu||||| |||| 00| 0 eng d
082 _a709.2
_bC183m
100 _aCaminero, Máximo
_94841
245 _aMáximo Caminero 10 años
_b1990-2000
260 _aRepública Dominicana :
_b[Casa Cultural Dominicana],
_c2000
300 _a[sin numeración] ;
_bill. (col.) ;
_c21 cm.
600 _aCanminero, Máximo
_xExhibiciones
_94842
650 _aArte Moderno
_9145
650 _aArte Moderno
_zRepública Dominicana
_94843
999 _c881
_d881